000 00774nam a2200241 a 4500
001 62567
003 BD-RjUL
005 20211209081111.0
008 170124s1892 ii 000 0 eng d
035 _aBD-RjUL62693
040 _aBD-RjUL
_beng
_cBD-RjUL
041 _aeng
082 _223
_a820.9
_bCAL 1892
100 1 _aCarlyle, Thomas
_d1795-1881.
_9186014
245 1 0 _aLectures on the history of literature or the successive periods of European culture /
_cThomas Carlyle
260 _bLondon :
_aKan &c. :
_c1892
300 _a200 p. ;
_c21 cm.
650 _aLiterature
_xHistory and criticism.
_9186015
690 0 0 _aLiterature
_xGeneral
_2pre20
_9186016
700 1 _aKarkaria, Rustamji Pestanji,
_eed.
_9186017
752 _aIndia
_dBombay
942 _2ddc
_cBK
999 _c62567
_d62567